| 000 | 00920nas a2200265 4500 | ||
|---|---|---|---|
| 001 | BR8801146 | ||
| 003 | BR-BrBNA | ||
| 005 | 20231205091046.0 | ||
| 007 | ta | ||
| 008 | 230509b bl.|||p| |||| 00| 00por d | ||
| 040 |
_aBR-BrBNA _bpor _cBiblioteca Nacional de Agricultura |
||
| 041 | _a(Pt) | ||
| 072 | _aP33 | ||
| 100 | 1 | _aSousa, D.M.G. de | |
| 100 | 1 | _aVolkweiss, S.J. | |
| 111 | 1 |
_a18. Congresso Brasileiro de Ciencia do Solo _cSalvador, BA (Brazil) _d30 Aug - 5 Sep 1981 |
|
| 245 | 1 |
_aReacoes do superfosfato triplo em granulos com solos _bParte de dissertacao |
|
| 246 | 1 | _aReactions of triple superphosphate granules with soils | |
| 650 | _aSUPERFOSFATO TRIPLO | ||
| 650 | _aFOSFORO | ||
| 650 | _aADUBACAO | ||
| 773 | 0 |
_tRevista Brasileira de Ciencia do Solo (Brazil) _xISSN 0100-0683 _g(May-Aug 1987), v. 11(2) p. 133-140 _wBR8801146 |
|
| 909 |
_a202311 _bLúcia _c55 _dLúcia Elande |
||
| 942 |
_2AGRIS _n0 _cANA |
||
| 999 |
_c122479 _d122479 |
||